Normal view
MARC view
- Dr. Aamir Mubashar
Entry Personal Name
001 - CONTROL NUMBER
- control field: 20986
003 - CONTROL NUMBER IDENTIFIER
- control field: NUST
005 - DATE AND TIME OF LATEST TRANSACTION
- control field: 20190920095528.0
008 - FIXED-LENGTH DATA ELEMENTS
- fixed length control field: 190920|| aca||aabn | a|a d
040 ## - CATALOGING SOURCE
- Original cataloging agency: NUST
- Transcribing agency: NUST
100 ## - HEADING--PERSONAL NAME
- Personal name: Dr. Aamir Mubashar
670 ## - SOURCE DATA FOUND
- Source citation: Work cat.: (NUST): Saud, Saad 20985, An Investigation of Structural Response of Composite Compressed Natural Gas Cylinder Under Impact Loading /, 2016.
